01599nam a2200373 a 4500001001000000003000500010005001700015008004100032010001100073011001100084040000900095090001000104100004200114245013400156260004100290500006000331502007800391590004100469590004100510590004000551590004000591650003000631650006000661650004400721650004100765650003100806856007000837901000700907942001000914942000600924999001900930952013600949952014001085000108830CHAP20220329144026.0140314s2013 mx sm |||||||spa d a105292 a106264 cCHAP aTesis1 aTorres Lechuga, María Elena911415010aDiagnóstico mineral de unidades de producción ovina en Tepatitlán, Jaliscoh[En línea]cpor María Elena Torres Lechuga. aChapingo, Méx. :bEl autor,c2013. aPara ver el contenido del material haga clic en la liga aTesis (M. C. en Innovación Ganadera) -- UACH. Departamento de Zootecnia aBATCH-UPDb05c20140324lUCH01h1536 aBATCH-UPDb05c20141002lUCH01h0858 aE6096MTMb05c20140314lUCH01h0927 aE6096MTMb05c20140314lUCH01h092814aAguaxQuímica de.9239914aAlimentos y alimentación del ganadoxAnálisis9432714aSangrexAnálisis y química.910221114aSuelosxElementos minerales.911035614aSuero sanguíneo.9110588 aFinding aiduhttp://10.13.5.2/tesis/sist108830.pdfzTeclea aquí aBK cTESIS n0 c105292d105292 00104054718TESISaBCbBCd2014-03-14fTESISl0oTesisp33724002356934r2019-12-31 00:00:00w2019-12-31yTESISzRecien adquirido 00102local4053708TESISaBCbBCcPA_TESISd2014-03-14fTESISl0oTesisp33724002356975r2019-12-31 00:00:00tc.2w2019-12-31yTESIS